SRILANKA IN CRISIS: INDIA'S OPTIONS (Record no. 28049)
[ view plain ]
| 000 -LEADER | |
|---|---|
| fixed length control field | 00335nam a2200145 4500 |
| 003 - CONTROL NUMBER IDENTIFIER | |
| control field | SGT |
| 020 ## - INTERNATIONAL STANDARD BOOK NUMBER | |
| International Standard Book Number | 8124012606 |
| 082 ## - DEWEY DECIMAL CLASSIFICATION NUMBER | |
| Classification number | 320.954 |
| Item number | S07S |
| 100 ## - MAIN ENTRY--PERSONAL NAME | |
| Personal name | SWAMY, SUBRAMANIAN |
| 245 ## - TITLE STATEMENT | |
| Title | SRILANKA IN CRISIS: INDIA'S OPTIONS |
| 260 ## - PUBLICATION, DISTRIBUTION, ETC. (IMPRINT) | |
| Name of publisher, distributor, etc | HAR-ANAND PUBLICATIONS |
| Year of Publication | 2007 |
| 300 ## - PAGE DESCRIPTION | |
| No. of Pages | 180 |
| 650 ## - SUBJECT ADDED ENTRY--TOPICAL TERM | |
| Topical term or geographic name as entry element | SOCIAL SCIENCE |
| 942 ## - ADDED ENTRY ELEMENTS (KOHA) | |
| Source of classification or shelving scheme | Dewey Decimal Classification |
| Koha item type | Books |
| Withdrawn status | Lost status | Source of classification or shelving scheme | Damaged status | Not for loan | Home library | Current library | Shelving location | Date acquired | Cost, normal purchase price | SGTU | Total Checkouts | Full call number | Accession No. (Barcode) | Date last seen | Bill Date | Koha item type |
|---|---|---|---|---|---|---|---|---|---|---|---|---|---|---|---|---|
| Dewey Decimal Classification | Not For Loan | SGT Chancellor's Library | SGT Chancellor's Library | Reference Book | 12/12/2024 | 295.00 | SGTU | 320.954 S07S | CH1015 | 12/12/2024 | 12/12/2024 | Books |